000 01024nam a22003137a 4500
001 000074308
003 CHAP
005 20220329141637.0
008 971013s1975 r 00010 d
010 _a71543
011 _a72515
035 _a82070
040 _cCHAP
090 _aFolleto 1559
100 0 0 _aDavis, Donald R.
_931257
245 1 0 _aSystematics and zoogeography of the family Neopseustidae with the proposal of a new subfamily (Lepidoptera : Neopseustoidea).
260 _aWashington, D.C. :
_bSmithsonian Institution,
_c1975.
300 _a45 p. :
_b: ilus.
490 _aSmithsonian contributions to zoology
_v; 210
590 _aBATCH-UPD
_b10
_c20130110
_lUCH01
_h2026
590 _aCONVERSION
_b10
_c20130109
_lUCH01
_h1339
590 _aE5995AHE
_b05
_c20141121
_lUCH01
_h1024
650 1 4 _aNeopseustoidea.
_980857
830 0 _aSmithsonian contributions to zoology
_v; 210
_9107173
901 _aBK
942 _cFOLL
942 _n0
949 _aFolleto 1559
_bBC
_cFOLL
_d-35883
_eTS1
_i82070
_mD
_si
999 _c71543
_d71543